00747nam a22002177a 4500001000500000005001700005020001800022040003000040082001000070100001700080245001800097260003500115300004700150490003300197505000700230520017800237521002800415521001900443650003200462700003500494151120231002084146.0 a9789924341178 aFISKH bengcFISKHdFISKH a959.6 aBrunon, Paul aLes khmers /  aPhnom Penh : bSipar, c2021.  a44 pages : bcolor illustrations ; c20 cm aje voudrais savoirvvolume 2 aZ' aThe Khmers Part 2, from 15th – 1953 describes significant historical events from the 15th century until Cambodia received independence. It is divided by reigns and period. a1000 bLexile estimate  aZ' bRaz-Plus  aHistory vReign xArchitect aSovanrith, Khun cillustrator